De la France; (Record no. 22611)

MARC details
000 -LEADER
fixed length control field 01328cam a22003011 4500
001 - CONTROL NUMBER
control field f 01001622
003 - CONTROL NUMBER IDENTIFIER
control field DLC
005 - DATE AND TIME OF LATEST TRANSACTION
control field 20260227111240.0
008 - FIXED-LENGTH DATA ELEMENTS--GENERAL INFORMATION
fixed length control field 880406s1884 fr 000 0 fre
010 ## - LIBRARY OF CONGRESS CONTROL NUMBER
LC control number f 01001622
035 ## - SYSTEM CONTROL NUMBER
System control number (OCoLC)17740945
040 ## - CATALOGING SOURCE
Original cataloging agency DLC
Transcribing agency RPB
Modifying agency DLC
041 0# - LANGUAGE CODE
Language code of text/sound track or separate title fre
Language code of original ger
042 ## - AUTHENTICATION CODE
Authentication code premarc
050 00 - LIBRARY OF CONGRESS CALL NUMBER
Classification number PT2317
Item number .A1 1895 vol. 6
100 1# - MAIN ENTRY--PERSONAL NAME
Personal name Heine, Heinrich,
Dates associated with a name 1797-1856.
245 00 - TITLE STATEMENT
Title De la France;
Statement of responsibility, etc. par Henri Heine.
250 ## - EDITION STATEMENT
Edition statement Nouv. éd.
260 ## - PUBLICATION, DISTRIBUTION, ETC.
Place of publication, distribution, etc. Paris,
Name of publisher, distributor, etc. Calmann Lévy,
Date of publication, distribution, etc. 1884.
300 ## - PHYSICAL DESCRIPTION
Extent 2 p. l., 383, [1] p.
Dimensions 19 cm.
490 0# - SERIES STATEMENT
Series statement Œuvres complètes ...
Volume/sequential designation [6]
500 ## - GENERAL NOTE
General note On cover: Bibliothèque contemporaine.
500 ## - GENERAL NOTE
General note "Édition originale," Paris, E. Renduel, 1833. cf. Vicaire's Manuel.
500 ## - GENERAL NOTE
General note "Lettres ... à m. Auguste Lewald ... rédigées primitivement en allemand, furent traduites en français et publiées par le poëte dans la Revue de dix-neuvième siècle."--Pref. (Signed: Henri Julia)
505 0# - FORMATTED CONTENTS NOTE
Formatted contents note Préface de la nouvelle édition, par H. Julia.--Préface de l'édition allemande.--Lettres écrites à la Gazette universelle d'Augsbourg (1831-1832)--Fragments (1832)--Lettres confidentielles adressées à A. Lewald ... (1838)--Salon de 1831.
651 #0 - SUBJECT ADDED ENTRY--GEOGRAPHIC NAME
Geographic name France
General subdivision Politics and government
Chronological subdivision 1830-1848.
700 1# - ADDED ENTRY--PERSONAL NAME
Personal name Julia, Henri,
Relator term ed.

No items available.

Powered by Koha